ՀՀ Գիտությունների ազգային ակադեմիայի հիմնարար գիտական գրադարան  =   Fundamental Scientific Library of NAS RA

Andromaque : (Record no. 279642)

MARC details
000 -LEADER
fixed length control field 00809nam a2200229 u 4500
001 - CONTROL NUMBER
control field 000755943
003 - CONTROL NUMBER IDENTIFIER
control field AM-YeHGA
005 - DATE AND TIME OF LATEST TRANSACTION
control field 20250617143657.0
008 - FIXED-LENGTH DATA ELEMENTS--GENERAL INFORMATION
fixed length control field 100820s1914 fr r 000 0 fre d
040 ## - CATALOGING SOURCE
Original cataloging agency AM-YeHGA
041 0# - LANGUAGE CODE
Language code of text/sound track or separate title fre
090 ## - LOCALLY ASSIGNED LC-TYPE CALL NUMBER (OCLC); LOCAL CALL NUMBER (RLIN)
-- 281295
100 1# - MAIN ENTRY--PERSONAL NAME
Personal name Racine, Jean,
Dates associated with a name 1639-1699.
245 10 - TITLE STATEMENT
Title Andromaque :
Remainder of title tragédie /
Statement of responsibility, etc. Racine ; Avec une notice historique et litteraire, des notes explicatives, des jugements, un questionnaire sur les extraits et des sujets de devoirs, par Felix Guirand.
260 ## - PUBLICATION, DISTRIBUTION, ETC.
Place of publication, distribution, etc. Paris :
Name of publisher, distributor, etc. Librairie Larousse,
Date of publication, distribution, etc. [1914].
300 ## - PHYSICAL DESCRIPTION
Extent 87 p. :
Other physical details ill.
440 #0 - SERIES STATEMENT/ADDED ENTRY--TITLE
Title Classiques Larousse
500 ## - GENERAL NOTE
General note "165e mille"
600 14 - SUBJECT ADDED ENTRY--PERSONAL NAME
Personal name Andromache (Legendary character)
General subdivision In literature
600 14 - SUBJECT ADDED ENTRY--PERSONAL NAME
Personal name Andromache (Legendary character)
Form subdivision Drama
700 1# - ADDED ENTRY--PERSONAL NAME
Personal name Guirand, Felix
Relationship aui
Holdings
Withdrawn status Lost status Source of classification or shelving scheme Damaged status Not for loan Collection Home library Current library Date acquired Total checkouts Full call number Barcode Date last seen Price effective from Koha item type Public note
    Universal Decimal Classification     Merdinian Individual Collection Fundamental Scientific Library Fundamental Scientific Library 29/12/2016   Merd/1614 FL0170643 29/12/2016 29/12/2016 Գրքեր / Books ILL Non-Circ.


ՀՀ ԳԱԱ հիմնարար գիտական գրադարան
ՀՀ,Երևան 0019
Մարշալ Բաղրամյան 24/6
հեռախոս:(374-10) 52-47-50
Հետադարձ կապ

All site content, except where otherwise noted, is licensed under a
Creative Commons License